| 000 -ლიდერი |
| ფიქსირებული სიგრძის საკონტროლო ველი |
01162nam a2200217Ia 4500 |
| 001 - საკონტროლო ნომერი |
| საკონტროლო ველი |
2532 |
| 003 - საკონტროლო ნომრის იდენტიფიკატორი |
| საკონტროლო ველი |
GE_BSU |
| 005 - ბოლო ოპერაციის თარიღი და დრო |
| საკონტროლო ველი |
20230901123020.0 |
| 008 - ფიქსირებული სიგრძის მონაცემთა ელემენტები - ზოგადი ინფორმაცია |
| ფიქსირებული სიგრძის საკონტროლო ველი |
181216s1999||||ge |||||||||||||| ||geo|| |
| 040 ## - კატალოგიზაციის წყარო |
| Transcribing agency |
GE_BSU |
| 041 ## - ენის კოდი |
| Language code of text/sound track or separate title |
geo |
| 080 ## - უნივერსალური ათობითი კლასიფიკაციის ინდექსი |
| Universal Decimal Classification number |
811.111(038)+811.353.1(038) ი–54 |
| 245 ## - ცნობა სათაურის შესახებ |
| Title |
ინგლისურ-ქართული ლექსიკონი = English-Georgian dictionary. რვეული 9 : |
| Remainder of title |
I / |
| Statement of responsibility, etc |
[სარედ. კოლ.: თინათინ მარგალიტაძე (მთ. რედ.) და სხვ. ; შემდგ.: გ. რობაქიძე, ქ. თუხარელი, ლ. გომიაშვილი, გ. მელაძე]. |
| 264 ## - წარმოების, გამოცემის, დისტრიბუციის და სხვა ცნობები |
| გამოცემის, წარმოების, დისტრიბუციის... ადგილი |
თბილისი, |
| გამოცემის, წარმოების, დისტრიბუციის... თარიღი |
1999. |
| 300 ## - ფიზიკური აღწერა |
| Extent |
159 გვ.; |
| Other physical details |
28 სმ. |
| 653 ## - INDEX TERM--UNCONTROLLED |
| Uncontrolled term |
ინგლისურ–ქართული ლექსიკონი |
| 700 ## - ADDED ENTRY--PERSONAL NAME |
| Personal name |
მარგალიტაძე, თინათინ |
| Relator term |
რედაქტორი |
| 9 (RLIN) |
6114 |
| 700 ## - ADDED ENTRY--PERSONAL NAME |
| Personal name |
რობაქიძე, გ. |
| Relator term |
შემდგენელი |
| 9 (RLIN) |
19747 |
| 710 ## - ADDED ENTRY--CORPORATE NAME |
| Corporate name or jurisdiction name as entry element |
თბილისის სახ. უნ-ტი |
| 9 (RLIN) |
19748 |
| 942 ## - ADDED ENTRY ELEMENTS (KOHA) |
| Koha item type |
წიგნი |
| Source of classification or shelving scheme |
|